Find Five 'M' Things Quiz Stats

 Plays Quiz Updated Oct 19, 2017

Score 0/50 Timer 04:00
3 Plays Today
% Correct
Mississippi
91.6%
Missouri
91.1%
Michigan
90.8%
Maryland
90.6%
Maine
88.8%
Mars
88%
Mercury
86.7%
Mickey
86.5%
Minnie
85%
Mozart
82.2%
Madeline
79.8%
Minsk
79.8%
Madison
78.9%
Maple Leafs
78.8%
Mavericks
77.4%
Mariners
77.1%
Moses
76.9%
Marlins
76.3%
Monrovia
74.8%
Mets
74.7%
Mia
74.5%
Micah
73.5%
Macaw
73.4%
Michael
72.1%
Matthew
72%
% Correct
Magpie
71.2%
Mendelssohn
71.1%
Mallard
67.5%
Mighty
66.5%
Maya
64.4%
Mackenzie
61.5%
Martha
60.2%
Mussorgsky
60%
McClure
55.7%
Monteverdi
55.1%
Muscat
54.6%
Mortimer
51.9%
Myna
50.5%
Mahler
50.3%
Maseru
50.2%
Moleman
49%
Murphy
47.3%
Monroe
36.6%
Moroni
34.1%
Mimas
34%
Mann
27.9%
Miranda
22.4%
Monterey Jack
22.3%
Martin
21.9%
Makemake
20.1%

You're not logged in!

Compare scores with friends on all Sporcle quizzes.
OR
Log In

Show Comments

Extras

Top Quizzes Today


Score Distribution

Your Account Isn't Verified!

In order to create a playlist on Sporcle, you need to verify the email address you used during registration. Go to your Sporcle Settings to finish the process.

Report this User

Report this user for behavior that violates our Community Guidelines.

Details: